|
|
|
|
| LEADER |
01322nta a2200241 i 4500 |
| 001 |
dokt11698 |
| 005 |
20240712081618.0 |
| 008 |
230417s2023 hu om 000 hun d |
| 024 |
7 |
|
|a 10.14232/phd.11698
|2 doi
|
| 024 |
7 |
|
|a 34125162
|2 mtmt
|
| 040 |
|
|
|a SZTE Doktori Repozitórium
|b hun
|
| 041 |
|
|
|a hun
|
| 100 |
1 |
|
|a Kerényi Ádám
|
| 245 |
1 |
2 |
|a A pénzügyi rendszer ötvözése a digitális technológiával -a hazai FinTech-ökoszisztéma bemutatása-
|h [elektronikus dokumentum] /
|c Kerényi Ádám
|
| 246 |
1 |
0 |
|a Combination the financial system with digital technology -evaluation of the Hungarian FinTech ecosystem-
|h [elektronikus dokumentum]
|
| 260 |
|
|
|c 2023-05-05
|
| 502 |
|
|
|a Disszertacio
|
| 650 |
|
4 |
|a közgazdaságtudományok
|
| 650 |
|
4 |
|a Közgazdasági és gazdálkodástudományok
|
| 700 |
0 |
1 |
|a Kovács György
|e ths
|
| 856 |
4 |
0 |
|u https://doktori.bibl.u-szeged.hu/id/eprint/11698/1/Ker%C3%A9nyi%20%C3%81d%C3%A1m%20disszert%C3%A1ci%C3%B3%20tervezet_bek%C3%BCldhet%C5%91_2023I16.pdf
|z Dokumentum-elérés
|
| 856 |
4 |
0 |
|u https://doktori.bibl.u-szeged.hu/id/eprint/11698/2/Ker%C3%A9nyi%20%C3%81d%C3%A1m%20t%C3%A9zisf%C3%BCzet%20magyar_0119.pdf
|z Dokumentum-elérés
|
| 856 |
4 |
0 |
|u https://doktori.bibl.u-szeged.hu/id/eprint/11698/3/Ker%C3%A9nyi%20%C3%81d%C3%A1m%20t%C3%A9zisf%C3%BCzet%20angol_0119.pdf
|z Dokumentum-elérés
|